01160nam a2200277 a 4500001001000000005001700010041000800027044000800035084002100043100004500064245003100109260008500140300001900225440003800244500015800282500005300440500009000493500001100583546002400594650005200618650005600670650003400726650004500760700002700805740005000832BRCA_342420190320204257.0 aeng anyu a713b.D468c19381 aCervantes Saavedra, Miguel ded1547-161610aAdventures of Don Quixote. aNueva York : Londres : TorontobE. P. Dutton and Co. : J. M. Dent and Sonsc1938 a255 p.c16 cm. 0aThe Kings Treasures of Literature aContenido : Introducción. Texto abreviado y compendiado de ambas partes. Don Quijote y los libros de caballería. Cervantes. Cuestionario y ejercicios aEdición : Selected and Edited by E. Alec Woolf aEdición compendiada por E. Alec Woolf D. Litt, muy abreviada. Tela Lúdovik Osterc aQM1380 aTexto en : inglés14aNovela españolayÉpoca clásica, 1500-170014aLiteratura españolayÉpoca clásica, 1500-170014aNovela españolaySiglo XVII14aDon Quijote (Personaje ficticio)eNovela1 aWoolf, E. AleceEditor0 aEl Ingenioso Hidalgo Don Quijote de la Mancha